<?xml version='1.0' encoding='UTF-8'?>
  <record xmlns="http://www.loc.gov/MARC21/slim">
    <leader>00000ccm a22000007i 4500</leader>
    <controlfield tag="001">ocn931912970</controlfield>
    <controlfield tag="003">OCoLC</controlfield>
    <controlfield tag="005">20241119153446.4</controlfield>
    <controlfield tag="008">150904s1786    au uuuu        n  u und d</controlfield>
    <datafield tag="040" ind1=" " ind2=" ">
      <subfield code="a">NLGGC</subfield>
      <subfield code="b">dut</subfield>
      <subfield code="e">fobidrtb</subfield>
      <subfield code="c">NLGGC</subfield>
      <subfield code="d">QGJ</subfield>
      <subfield code="d">OCLCL</subfield>
      <subfield code="d">OCLCQ</subfield>
    </datafield>
    <datafield tag="028" ind1="2" ind2="0">
      <subfield code="a">75</subfield>
      <subfield code="b">chez Artaria Compagnie</subfield>
    </datafield>
    <datafield tag="035" ind1=" " ind2=" ">
      <subfield code="a">(OCoLC)931912970</subfield>
    </datafield>
    <datafield tag="100" ind1="1" ind2=" ">
      <subfield code="a">Haydn, Joseph,</subfield>
      <subfield code="d">1732-1809.</subfield>
    </datafield>
    <datafield tag="240" ind1="1" ind2="0">
      <subfield code="a">Sonates.</subfield>
      <subfield code="k">Sel,</subfield>
      <subfield code="m">clavecimbel of pianoforte [1], altviool [1], cello [1].</subfield>
    </datafield>
    <datafield tag="245" ind1="1" ind2="0">
      <subfield code="a">Trois sonates pour le clavecin ou piano-forte accompagnées d'un violon et violoncelle /</subfield>
      <subfield code="c">composées par Joseph Haydn ...</subfield>
    </datafield>
    <datafield tag="260" ind1=" " ind2=" ">
      <subfield code="a">À Vienne :</subfield>
      <subfield code="b">chez Artaria Compagnie,</subfield>
      <subfield code="c">[1786]</subfield>
    </datafield>
    <datafield tag="300" ind1=" " ind2=" ">
      <subfield code="a">21 p.) ;</subfield>
      <subfield code="c">36 x 26 cm. +</subfield>
      <subfield code="e">vioolpartij (10 p.); cellopartij (10 p.)</subfield>
    </datafield>
    <datafield tag="336" ind1=" " ind2=" ">
      <subfield code="a">muzieknotatie</subfield>
      <subfield code="b">ntm</subfield>
      <subfield code="2">rdacontent/dut</subfield>
    </datafield>
    <datafield tag="337" ind1=" " ind2=" ">
      <subfield code="a">zonder medium</subfield>
      <subfield code="b">n</subfield>
      <subfield code="2">rdamedia/dut</subfield>
    </datafield>
    <datafield tag="338" ind1=" " ind2=" ">
      <subfield code="a">band</subfield>
      <subfield code="b">nc</subfield>
      <subfield code="2">rdacarrier/dut</subfield>
    </datafield>
    <datafield tag="500" ind1=" " ind2=" ">
      <subfield code="a">Opus 45 (Hoboken XV: 6-8).</subfield>
    </datafield>
    <datafield tag="500" ind1=" " ind2=" ">
      <subfield code="a">Imprint: À Vienne chez Artaria Compagnie.</subfield>
    </datafield>
    <datafield tag="700" ind1="1" ind2=" ">
      <subfield code="a">Witzay-Grasalkowitz, Marianne.</subfield>
      <subfield code="4">dte</subfield>
    </datafield>
    <datafield tag="758" ind1=" " ind2=" ">
      <subfield code="a">Sel Sonates (NotatedMusic)</subfield>
      <subfield code="1">https://id.oclc.org/worldcat/entity/E39PD3RtwD8t8yTCRTGCGXYxCP</subfield>
      <subfield code="4">https://id.oclc.org/worldcat/ontology/hasWork</subfield>
    </datafield>
    <datafield tag="856" ind1="4" ind2="1">
      <subfield code="u">http://objects.library.uu.nl/reader/resolver.php?obj=002254527&amp;type=2</subfield>
      <subfield code="x">Online</subfield>
      <subfield code="z">Full text</subfield>
    </datafield>
    <datafield tag="936" ind1=" " ind2=" ">
      <subfield code="a">BATCHLOAD</subfield>
    </datafield>
  </record>